Vườn cảnh Đông Phương
Tác giả khai thác khía cạnh triết học Phương Đông trong việc bình phẩm và cảm thụ vườn cảnh.
Gardado en:
| Autor Principal: | |
|---|---|
| Formato: | Libro |
| Idioma: | Undetermined |
| Publicado: |
Hà Nội
Văn hóa
1997
|
| Những chủ đề: | |
| Các nhãn: |
Engadir etiqueta
Sen Etiquetas, Sexa o primeiro en etiquetar este rexistro!
|
| Thư viện lưu trữ: | Trung tâm Học liệu Trường Đại học Cần Thơ |
|---|
| LEADER | 00729nam a2200205Ia 4500 | ||
|---|---|---|---|
| 001 | CTU_22062 | ||
| 008 | 210402s9999 xx 000 0 und d | ||
| 020 | |b 25.000đ | ||
| 082 | |a 635.9722 | ||
| 082 | |b H523 | ||
| 100 | |a Nguyễn, Hoàng Huy | ||
| 245 | 0 | |a Vườn cảnh Đông Phương | |
| 245 | 0 | |c Nguyễn Hoàng Huy | |
| 260 | |a Hà Nội | ||
| 260 | |b Văn hóa | ||
| 260 | |c 1997 | ||
| 520 | |a Tác giả khai thác khía cạnh triết học Phương Đông trong việc bình phẩm và cảm thụ vườn cảnh. | ||
| 650 | |a rock gardens,stone in lanscape gardening | ||
| 904 | |i Nguyễn Quang Điền, 980227 | ||
| 980 | |a Trung tâm Học liệu Trường Đại học Cần Thơ | ||